| 000 | 00609nam a2200145Ia 4500 | ||
|---|---|---|---|
| 008 | 170221s9999 xx 000 0 und d | ||
| 100 | _aZinaida Petrovna Larskikh | ||
| 245 | 4 | _aThe Main Trends for Arranging Project Activities in Practice of the Modern Elementary School | |
| 245 | _cZinaida Petrovna Larskikh, Irina Gennadievna Almazova, Svetlana Nikolaevna Chislova, Valentine Alexandrovna Chibuhashvili | ||
| 260 | _bInternational Review of Management and Marketing | ||
| 260 | _c2016 | ||
| 300 | _a6 : 3S | ||
| 650 | _xMarketing. | ||
| 856 | _uhttp://www.econjournals.com/index.php/irmm/issue/view/75 | ||
| 999 |
_c308555 _d308555 |
||